02135nam a22002657a 45000010005000000030006000050050017000110080041000280200018000690400029000870500016001160820010001321000018001422450038001602500032001982600038002303000044002684900022003125201318003346500031016526500017016839420015017009990015017159520139017309971FISKH20260320094418.0260320b cb ||||| |||| 00| 0 eng d a9780008339180 aFISKHbengcFISKHdFISKH aPS3611 .U17 a813.6 aKuang , R.F.  aThe burning god / cBy R.F. Kuang aThis paperback edition 2021 aLondon :bHarper Voyager ,c2020. a617 pages : billustrations ; c20 cm . aThe Poppy War v3 aFantasy. Fiction. Mythology. Historical Fiction. HTML:The exciting end to The Poppy War trilogy, R. F. Kuang's acclaimed, award-winning epic fantasy that combines the history of twentieth-century China with a gripping world of gods and monsters, to devastating, enthralling effect. After saving her nation of Nikan from foreign invaders and battling the evil Empress Su Daji in a brutal civil war, Fang Runin was betrayed by allies and left for dead. Despite her losses, Rin hasn't given up on those for whom she has sacrificed so much�the people of the southern provinces and especially Tikany, the village that is her home. Returning to her roots, Rin meets difficult challenges—and unexpected opportunities. While her new allies in the Southern Coalition leadership are sly and untrustworthy, Rin quickly realizes that the real power in Nikan lies with the millions of common people who thirst for vengeance and revere her as a goddess of salvation. Backed by the masses and her Southern Army, Rin will use every weapon to defeat the Dragon Republic, the colonizing Hesperians, and all who threaten the shamanic arts and their practitioners. As her power and influence grows, though, will she be strong enough to resist the Phoenix's intoxicating voice urging her to burn the world and everything in it?  aAlternate historyvFiction aWarvFiction 2ddccBKn0 c9971d9971 00102ddc40708FICa002b001cSBSd2026-03-20l1oKUA 813.6 PS3611 .U17p2026-0353r2026-03-24 14:29:14s2026-03-24w2026-03-20yBK